| 000 | 00681nam a22002537a 4500 | ||
|---|---|---|---|
| 999 |
_c5686 _d5686 |
||
| 001 | 3898945 | ||
| 003 | GZU | ||
| 005 | 20210413082904.0 | ||
| 008 | 901114s1989 sa 000 0 ven | ||
| 010 | _a 90215830 | ||
| 020 | _a0796001960 | ||
| 040 |
_aDLC _cDLC |
||
| 050 | 0 | 0 | _aPL8745 MUD 1996 |
| 100 | 1 | _aMudau, T. T. | |
| 245 | 1 | 0 |
_aAppearance Maswat̳ha / _cT.T. Mudau. |
| 250 | _a1st ed. | ||
| 260 |
_aPietermaritzburg : _bShuter & Shooter, _c1989. |
||
| 300 |
_a94 p. ; _c21 cm. |
||
| 500 | _aVenda literature | ||
| 600 | _2Venda literature | ||
| 906 |
_a7 _bcbc _corignew _d4 _encip _f19 _gy-gencatlg |
||
| 942 |
_2lcc _cBK _h8745 _iMUD _kPL |
||